| 000 | 00378nam a2200145Ia 4500 | ||
|---|---|---|---|
| 008 | 240624s9999 xx 000 0 und d | ||
| 041 | _aeng | ||
| 082 | _a658.802 POW | ||
| 100 | _aPOWELL GUY R | ||
| 245 | _aROI OF SOCIAL MEDIA HOW TO IMPROVE THE R | ||
| 250 | _a11 | ||
| 260 |
_c2011 _aSingapore _bJohn Wiley & Sons |
||
| 300 | _axviii, : 289 : p. : cm. ; 23 | ||
| 365 |
_c _b27 |
||
| 999 |
_c17777 _d17777 |
||